000 00407nam a2200157Ia 4500
003 LK-CoDNM
005 20240926115922.0
008 010623t1934 xxu||||| |||| 00| 1 eng d
040 _aLK-CoDNM
_dLK-CoDNM
_eLK-CoDNM
041 _aeng
_asin
080 _a24
_bE10
245 _aCeylon Literary Register : ( 1933-4 Volume 3 )
260 _bLake House
_aColombo
_c1934
300 _b288p. : 24 cm
942 _cBK
999 _c97048
_d97048